000 00783 a2200229 4500
001 0000
003 0199331
005 20251016162326.0
020 _a9781032230276
040 _erda
050 _aTP 363
_b.B33 2025
100 _4Author
_aBade, Mukund Haribhau
245 _aSuperheated steam drying
_bTechnology for improved sustainability and quality /
_cMukund Haribhau Bade, Sachin Vinayak Jangam, and Arun Sadashiv Mujumdar
264 _a Boca Raton
_b CRC Press
_c2025
300 _axvii,188p.:
_bill.
336 _2rdacontent
338 _2rdacarrier
500 _aIncludes bibliographical references and index
504 _aIncludes bibliographical references and index
650 _2Jangam, Sachin Vinayak, author Mujumdar, Arun S., author Drying
942 _2lcc
_cBK
999 _c43856
_d43856